000 01040cab a22001935a 4500
001 L156644
008 120618e2012 xxk 000 0 eng d
035 _a(Sirsi) u156644
041 0 _aeng
110 2 _aProperty Week
_91549
245 0 0 _aLondon's three-tier investment market evolution
260 _c2012
490 0 _aProperty Week
_v78(24) 15 June 2012, 38(1)
520 _aCushman & Wakefield argues that London has evolved into a three-tier investment market: prime secure income, secondary refurbishments, and medium-term income streams. Prime office yields in London remain stable at around 5% in the City and 4% in the West End. Yields on London secondary property are as much as 500 basis points higher depending on the amount of capital to be spent and the letting risk. In the overall UK market prime yields rose by 0.03% to 5.81% in May. Table covers London and regional prime property comparative yields 2007 to date.
590 _aKA
651 4 _aUnited Kingdom
690 _aCommercial property
_96227
942 _n0
999 _c84102
_d84102